Quick Pick: Arnold Schwarzenegger in the 80s Quiz Stats

 Plays Quiz Updated Mar 25, 2019

Score 0/10 Timer 01:00
0 Plays Today
% Correct
The Terminator
90%
Conan the Barbarian
89.2%
Conan the Destroyer
82.1%
Predator
81%
Commando
78.9%
The Running Man
72.4%
Red Sonja
59.6%
Twins
56.8%
Red Heat
55.5%
Raw Deal
41.5%

Today's Daily Dose

You're not logged in!

Compare scores with friends on all Sporcle quizzes.
OR
Log In

Show Comments

Extras

Top Quizzes Today


Score Distribution

Your Account Isn't Verified!

In order to create a playlist on Sporcle, you need to verify the email address you used during registration. Go to your Sporcle Settings to finish the process.

Report this User

Report this user for behavior that violates our Community Guidelines.

Details: